000 00887aas a2200217 4500
999 _c4086
_d4086
003 BR-BrBNA
005 20230317234000.0
007 ta
008 230119b bl ||||| |||| 00| 0 por d
035 _a000485-5
040 _aBR-BrBNA
_bSpa
_cBR-BrBNA
042 _aN
044 _abl
245 _aAcceso
_bBoletin Informativo de Medidas Sanitarias y Fitosanitarias
_cInstituto Interamericano de Cooperacion para la AgriculturaSanidad Agropecuaria e Inocuidad de los Alimentos
260 _aCoronado, Costa Rica , CR
_bInter-American Institute for Cooperation on Agriculture
_eCR
270 _aIICA; Apdo. postal 55-2200 Coronado (Costa Rica)/ Tel.: (506)216-0184 / Fax: (506)216-0173 email: sanagro@iica.ac.cr ; www.infoagro.net/salud ; www.iica.int
505 _a2004 (14); 2005 (18);
650 1 2 _gAGRICULTURA; ALIMENTO; HIGIENE DE ALIMENTO
909 _a56
_bSergio Santos
_c56
_dSergio Santos
942 _cCR
_2AGRIS